| 000 | 00402nam a2200145Ia 4500 | ||
|---|---|---|---|
| 008 | 211109s9999||||xx |||||||||||||| ||und|| | ||
| 082 |
_a894.8124 _bAIY-A |
||
| 100 | _aAiyyappapanicker, K | ||
| 245 | 0 | _aAiyyappa Pancikerude Lekhanangal | |
| 260 |
_bDC Books _aKottayam _c1982 |
||
| 300 | _a348p | ||
| 630 | _xGeneral Stack | ||
| 650 |
_aMalayalam Literature _vMalayalam EssaysMalayalam |
||
| 942 | _cBOOK | ||
| 999 |
_c91507 _d91507 |
||